000 00288nam a2200109 a 4500
005 20200930070822.0
008 110926s2008 000 spa d
020 _a997220913x
245 0 _aLexus enciclopedia del estudiante de secundaria.
260 _aBarcelona,
_c2008.
999 _c33643
_d33643
040 _aDO-SdBNP